000
00306nam a22001337a 4500
003
SGT
082
_a
346.540135,ARO
100
_a
ARORA,VIBHA
245
_a
CHILD LAW
260
_a
NEW DELHI
_b
UNIVERSAL BOOKS
_c
2014
300
_a
502
650
_a
LABOR, SOCIAL, EDUCATION & CULTURAL LAW
942
_2
ddc
_c
BK
_0
7
999
_c
9746
_d
9746